000 00337nam a2200145Ia 4500
008 230718s9999 xx 000 0 und d
041 _aEng.
082 _a823
_bKHA-T
100 _aKhalid Adeeb
245 4 _aThe Politics of mutions
260 _aPakistan
_bOxford unielle fress
_c2001
300 _a245
650 _aLaw
999 _c26731
_d26731